|
|
|
|
| LEADER |
00000nam a22000007a 4500 |
| 005 |
20210223211950.0 |
| 007 |
cr|||| |||| |
| 008 |
210223s2007 us |||||s|||| 00||0 eng d |
| 020 |
|
|
|a 978-0-44453-093-6
|
| 035 |
|
|
|a 32051
|
| 040 |
|
|
|a vLex
|
| 090 |
|
|
|c 11220
|d 11220
|
| 100 |
1 |
|
|a Ghosal, Vivek
|
| 245 |
1 |
3 |
|a The Political Economy of Antitrust
|h [Recurso electrn̤ico] /
|c Vivek Ghosal, Johan Stennek
|n vol. 282
|
| 256 |
|
|
|a Servicio en ln̕ea
|
| 260 |
|
|
|a Bingley:
|b Emerald Group Publishing Limited,
|c 2007
|
| 300 |
|
|
|a 1 recurso electrn̤ico
|
| 506 |
1 |
|
|a Disponible solo en los productos indicados
|d vLex Global
|d vLex Global (Academic Edition, excluding Law Schools)
|d vLex Global (Academic Edition, Law Schools)
|
| 650 |
0 |
4 |
|a Derecho Mercantil y de la Empresa
|z Estados Unidos
|
| 700 |
1 |
|
|a Stennek, Johan
|
| 740 |
0 |
|
|a vLex Libros (Servicio en ln̕ea)
|
| 856 |
4 |
0 |
|u http://vlex.com/source/32051
|z Acceso restringido
|
| 942 |
|
|
|c BOOK
|
| 999 |
0 |
|
|a Commercial and Company Law
|